000 00740nam a2200169 a 4500
008 120416s1960 ||||||||||||||||| || u
050 _aGN 657.Z2T63 Col
100 _aColson, Elizabeth
245 1 0 _aSocial organisation of the Gwembe Tonga
260 _aManchester
_bThe University Press
_c1960
300 _axxii, 234p.
350 _a0.00
650 _aGWEMBE TONGA--SOCIAL ASPECTS
650 0 _aSOCIOLOGY
995 _aMAIN LIBRARY OPEN ACCESS
_D0.00
_e702731
_FCBU-MAIN LIBRARY (Kitwe)
_H2
_I0.00
_jGN 657.Z2T63 Col
_M2
_UAVAILABLE
_y001412
_ZMain Library Open Access Collection
995 _aMAIN LIBRARY OPEN ACCESS
_D0.00
_e710059
_FCBU-MAIN LIBRARY (Kitwe)
_H1
_I0.00
_jGN 657.Z2T63 Col
_M1
_UAVAILABLE
_y001411
_ZMain Library Open Access Collection
999 _c76588
_d76588